Science Quiz

Random Science or Novel Quiz

Global Cryosphere Quiz Stats

 Plays Quiz not verified by Sporcle

Also try: Animal Name Game
Challenge
Share
Tweet
Embed
Score 0/18 Timer 10:00
0 Plays Today
Year Author % Correct
2004ACIA
100%
1999Clark et al.
50%
1981Cruickshank
50%
2000Peplanski
50%
2004Huntingdon and Fox
50%
2004Nuttal
50%
1997McDonald et al.
50%
2004McBean
50%
2007IPCC
50%
Year Author % Correct
2005Vaughan
50%
2002Arendt et al.
50%
2003Rignot et al.
50%
2004Thomas
50%
2005Davis et al.
50%
2002Clark and Mix
0%
2006Dowedeswell
0%
2004Bentley
0%
1996Warrick et al.
0%

You're not logged in!

Compare scores with friends on all Sporcle quizzes.
OR
Log In

You Might Also Like...

Show Comments

Extras

Top Quizzes Today


Score Distribution

Your Account Isn't Verified!

In order to create a playlist on Sporcle, you need to verify the email address you used during registration. Go to your Sporcle Settings to finish the process.

Report this User

Report this user for behavior that violates our Community Guidelines.

Details: